Filosofía moderna /

Guardado en:
Autor Principal: García, Pablo
Formato: Deslizar
Series:Grandes ideas de la filosofía
Materias:
Etiquetas: Agregar Etiqueta
Sin Etiquetas, Sea el primero en etiquetar este registro!
LEADER 00961ngm a22002535g 4500
001 CEM.cems022705
008 130507b2005##################0###0#####d
005 20241114150432.0
245 1 0 |a Filosofía moderna /  |c Pablo García. 
300 |a 41'. 
490 0 |a Grandes ideas de la filosofía 
500 |a En soporte VHS, consultar en ventanilla. 
505 0 |a Filosofía moderna: empirismo y racionalismo. Bacon y Descartes. Filosofía política. Filosofía geométrica: doctrina de la armonía preestablecida. Idealismo. Causalidad. Filosofía kantiana. 
538 |a Soporte: VHS - Norma: Pal N - Color: Si - Grabación DRD 2005 - Hitachi=2220 
100 1 |a García, Pablo 
082 1 0 |/ FIL-1 
653 |a FILOSOFIA 
653 |a EMPIRISMO 
653 |a RACIONALISMO 
653 |a IDEALISMO 
653 |a CAUSALIDAD 
653 |a NIVEL PRIMARIO 
653 |a NIVEL SECUNDARIO 
859 |a CEMS  |b BIB. CEMS - Depto. Recursos Didacticos  |h 100  |i FIL-1  |k DRD  |p 1348.12  |t Ej.1